000 00513cam a2200145 4500500
005 20251012005127.0
041 _afre
042 _adc
100 1 0 _aGautier, Benoît
_eauthor
245 0 0 _aMaya Kandel, Une première histoire du trumpisme, Gallimard, «En attendant le réel», 2025, 192 páginas, 19 euros.
260 _c2025.
500 _a16
786 0 _nÉtudes | - | 9 | 2025-09-01 | p. 137a-138
856 4 1 _uhttps://shs.cairn.info/revista-etudes-2025-9-page-137a?lang=es&redirect-ssocas=7080
999 _c1516707
_d1516707